[Event "ITA-ch U20 25th"]
[Site "Bratto"]
[Date "2002.08.28"]
[Round "9"]
[White "Frilli, Guido"]
[Black "Damia, Angelo"]
[Result "0-1"]
[WhiteElo "1750"]
[BlackElo "1888"]
[PlyCount "62"]
[EventDate "2002.08.20"]
[EventType "swiss"]
[EventRounds "9"]
[EventCountry "ITA"]
[SourceTitle "EXT 2007"]
[Source "ChessBase"]
[SourceDate "2006.11.23"]
[SourceVersion "1"]
[SourceVersionDate "2006.11.23"]
[SourceQuality "1"]

1. e4 c5 2. Nc3 d6 3. g3 Nc6 4. Bg2 g6 5. d3 Bg7 6. Be3 a6 7. Qd2 Be6 8. f4 h5 9. h3 Qc7 10. Nge2 Nd4 11. Nd1 Nxe2 12. Qxe2 0-0-0 13. c3 f5 14. Qf2 Nf6 15. b4 Nd7 16. Rc1 c4 17. d4 fxe4 18. Bxe4 Bf5 19. Bb1 Qc6 20. Qf1 Bxb1 21. Rxb1 e5 22. dxe5 dxe5 23. Rb2 exf4 24. Bxf4 Rhe8+ 25. Kf2 Rf8 26. h4 Ne5 27. Re2 Nd3+ 28. Kg1 Nxf4 29. gxf4 Rxf4 30. Qh3+ Rg4+ 31. Kh2 Qd6+ 0-1

[Event "ITA-ch U20 25th"]
[Site "Bratto"]
[Date "2002.08.26"]
[Round "7"]
[White "Frilli, Guido"]
[Black "Bove, Alessandro"]
[Result "1/2-1/2"]
[WhiteElo "1750"]
[BlackElo "1815"]
[PlyCount "72"]
[EventDate "2002.08.20"]
[EventType "swiss"]
[EventRounds "9"]
[EventCountry "ITA"]
[SourceTitle "EXT 2007"]
[Source "ChessBase"]
[SourceDate "2006.11.23"]
[SourceVersion "1"]
[SourceVersionDate "2006.11.23"]
[SourceQuality "1"]

1. e4 e5 2. d4 exd4 3. Qxd4 Nc6 4. Qe3 Nf6 5. Nc3 Bb4 6. Bd2 0-0 7. 0-0-0 Re8 8. Bc4 Bxc3 9. Bxc3 Nxe4 10. Qf4 Nf6 11. Nf3 d6 12. Ng5 Be6 13. Bd3 h6 14. h4 Nd5 15. Bh7+ Kh8 16. Rxd5 Bxd5 17. Be4 Rxe4 18. Nxe4 Ne5 19. Rd1 c6 20. Nxd6 Qxd6 21. Bxe5 Qg6 22. g4 Kg8 23. g5 Re8 24. gxh6 Qxh6 25. Qxh6 gxh6 26. Rg1+ Kf8 27. Bg7+ Ke7 28. Bxh6 Rh8 29. Re1+ Be6 30. Be3 b6 31. a3 f6 32. Rh1 Bd5 33. Rh2 Bf3 34. Kd2 Ke6 35. Bd4 Kf5 36. Ke3 Bh5 1/2-1/2

[Event "ITA-ch U20 25th"]
[Site "Bratto"]
[Date "2002.08.20"]
[Round "1"]
[White "Mazzilli, Piero"]
[Black "Frilli, Guido"]
[Result "1/2-1/2"]
[WhiteElo "2242"]
[BlackElo "1750"]
[PlyCount "111"]
[EventDate "2002.08.20"]
[EventType "swiss"]
[EventRounds "9"]
[EventCountry "ITA"]
[SourceTitle "EXT 2007"]
[Source "ChessBase"]
[SourceDate "2006.11.23"]
[SourceVersion "1"]
[SourceVersionDate "2006.11.23"]
[SourceQuality "1"]

1. e4 c6 2. c4 d5 3. exd5 cxd5 4. cxd5 Nf6 5. Bb5+ Nbd7 6. Nc3 a6 7. Qa4 Rb8 8. Bxd7+ Qxd7 9. Qf4 Ra8 10. Nf3 Nxd5 11. Nxd5 Qxd5 12. 0-0 e6 13. d4 Be7 14. Re1 0-0 15. Qg4 Bf6 16. Bg5 Qd8 17. Bxf6 Qxf6 18. Ne5 Qe7 19. Re3 b6 20. Rg3 f6 21. Nc4 b5 22. Nb6 Rb8 23. Nxc8 Rbxc8 24. Re3 Rfe8 25. Rae1 Qd6 26. g3 Rc6 27. b3 Qd5 28. h4 Re7 29. Qf4 Re8 30. g4 Qd6 31. Qe4 Rd8 32. Qxe6+ Qxe6 33. Rxe6 Rxe6 34. Rxe6 Rxd4 35. f3 a5 36. Kf2 Rd2+ 37. Re2 Rxe2+ 38. Kxe2 Kf7 39. Ke3 Ke6 40. Kd4 Kd6 41. h5 Kc6 42. Ke4 Kc5 43. a3 a4 44. bxa4 bxa4 45. Kf5 Kc4 46. h6 gxh6 47. Kxf6 Kb3 48. Ke6 Kxa3 49. f4 Kb3 50. f5 a3 51. f6 a2 52. f7 a1Q 53. f8Q Qa6+ 54. Ke5 Qe2+ 55. Kf6 Qxg4 56. Qxh6 1/2-1/2

[Event "Lucca op 13th"]
[Site "Lucca"]
[Date "2001.10.??"]
[Round "5"]
[White "Frilli, Guido"]
[Black "Ambrosi, Arcangelo"]
[Result "1/2-1/2"]
[WhiteElo "1708"]
[BlackElo "1887"]
[PlyCount "101"]
[EventDate "2001.10.??"]
[EventType "swiss"]
[EventRounds "6"]
[EventCountry "ITA"]
[SourceTitle "EXT 2024"]
[Source "ChessBase"]
[SourceDate "2023.10.10"]
[SourceVersion "1"]
[SourceVersionDate "2023.10.10"]
[SourceQuality "1"]

1. e4 d5 2. exd5 Nf6 3. Nf3 Nxd5 4. d4 Bg4 5. Be2 e6 6. c3 Bd6 7. 0-0 0-0 8. h3 Bh5 9. Nbd2 Nf4 10. Bc4 c6 11. Ne4 Bc7 12. Ng3 Bg6 13. Ne5 Nd5 14. Nxg6 hxg6 15. Qf3 Nd7 16. Bd2 Qh4 17. Ne4 N7f6 18. Rfe1 Nh7 19. Nc5 Ndf6 20. Bd3 Rae8 21. Nxb7 g5 22. g3 Qxh3 23. Bf1 Qf5 24. Qxf5 exf5 25. Bg2 Ne4 26. Bxe4 fxe4 27. Nc5 f5 28. g4 g6 29. c4 Rf7 30. d5 cxd5 31. cxd5 Rd8 32. Ne6 Rxd5 33. Be3 Bb6 34. Nxg5 Nxg5 35. Bxg5 f4 36. Bh6 e3 37. fxe3 Bxe3+ 38. Kf1 g5 39. Rad1 Rfd7 40. Rxd5 Rxd5 41. Re2 Kf7 42. b4 Re5 43. Rc2 f3 44. Rc7+ Ke6 45. Bf8 Re4 46. Re7+ Kd5 47. Rxe4 Kxe4 48. a4 Kd5 49. Be7 a6 50. Bf8 Ke5 51. Be7 1/2-1/2

[Event "Lucca op 13th"]
[Site "Lucca"]
[Date "2001.10.??"]
[Round "2"]
[White "Frilli, Guido"]
[Black "Rinaldi, Francesco Saverio"]
[Result "1/2-1/2"]
[WhiteElo "1708"]
[BlackElo "1878"]
[PlyCount "82"]
[EventDate "2001.10.??"]
[EventType "swiss"]
[EventRounds "6"]
[EventCountry "ITA"]
[SourceTitle "EXT 2024"]
[Source "ChessBase"]
[SourceDate "2023.10.10"]
[SourceVersion "1"]
[SourceVersionDate "2023.10.10"]
[SourceQuality "1"]

1. e4 c5 2. Nc3 e6 3. g3 d5 4. exd5 exd5 5. d4 cxd4 6. Qxd4 Be6 7. Bg2 Nc6 8. Qd1 Nf6 9. Nge2 Bc5 10. 0-0 d4 11. Na4 Be7 12. Bxc6+ bxc6 13. Nxd4 Bd7 14. Qf3 Rc8 15. Nf5 0-0 16. Nxe7+ Qxe7 17. Bg5 Qe4 18. Qxe4 Nxe4 19. Be7 Rfe8 20. Bc5 Bh3 21. Rfd1 Ng5 22. f4 Ne4 23. Rd4 Nxc5 24. Nxc5 Re2 25. Rad1 h6 26. R4d2 Rce8 27. Nd3 Bf5 28. Ne5 Bxc2 29. Rxe2 Bxd1 30. Rd2 Ba4 31. b3 f6 32. Ng4 Bb5 33. a4 Ba6 34. Rd7 Be2 35. Nf2 Bf3 36. Nd3 a5 37. Kf2 Bd5 38. Nc5 Rb8 39. Ra7 Bxb3 40. Nxb3 Rxb3 41. Rxa5 Ra3 1/2-1/2

[Event "Lucca op 13th"]
[Site "Lucca"]
[Date "2001.10.??"]
[Round "1"]
[White "Koroveshi, Thomas"]
[Black "Frilli, Guido"]
[Result "1-0"]
[WhiteElo "2011"]
[BlackElo "1708"]
[PlyCount "73"]
[EventDate "2001.10.??"]
[EventType "swiss"]
[EventRounds "6"]
[EventCountry "ITA"]
[SourceTitle "EXT 2024"]
[Source "ChessBase"]
[SourceDate "2023.10.10"]
[SourceVersion "1"]
[SourceVersionDate "2023.10.10"]
[SourceQuality "1"]

1. c4 e6 2. d4 d5 3. Nc3 Nf6 4. cxd5 exd5 5. Bg5 Be7 6. e3 Bf5 7. Qb3 Be6 8. Bxf6 Bxf6 9. Qxb7 Nd7 10. Nxd5 Bxd5 11. Qxd5 0-0 12. Bb5 Nb6 13. Qxd8 Rfxd8 14. Rc1 Rab8 15. Bc6 Nd7 16. b3 Be7 17. Nf3 Rb6 18. Bxd7 Rxd7 19. Ne5 Bb4+ 20. Ke2 Re7 21. Nc6 Rd7 22. Nxb4 Rxb4 23. Rc4 Rb7 24. Rhc1 g6 25. Kd3 Kf8 26. Rc6 Ke7 27. R1c5 Kd8 28. Kc4 Rd6 29. Rxd6+ cxd6 30. Rb5 Rc7+ 31. Kd5 Rd7 32. a4 f6 33. a5 f5 34. a6 Rc7 35. Rb7 Kd7 36. Rxc7+ Kxc7 37. f3 1-0

[Event "Lucca op 13th"]
[Site "Lucca"]
[Date "2001.10.??"]
[Round "4"]
[White "Scivales, Daniel"]
[Black "Frilli, Guido"]
[Result "1-0"]
[WhiteElo "1874"]
[BlackElo "1708"]
[PlyCount "149"]
[EventDate "2001.10.??"]
[EventType "swiss"]
[EventRounds "6"]
[EventCountry "ITA"]
[SourceTitle "EXT 2024"]
[Source "ChessBase"]
[SourceDate "2023.10.10"]
[SourceVersion "1"]
[SourceVersionDate "2023.10.10"]
[SourceQuality "1"]

1. e4 c6 2. d4 d5 3. Nd2 dxe4 4. Nxe4 Nd7 5. Nf3 Ngf6 6. Ng3 e6 7. Bd3 c5 8. 0-0 cxd4 9. Nxd4 Bc5 10. Nb3 Be7 11. Re1 0-0 12. Qe2 Nc5 13. Nxc5 Bxc5 14. Bf4 Nd5 15. Bd2 Bd7 16. Ne4 Be7 17. c4 Nf6 18. Bc3 Bc6 19. Ng3 Nd7 20. Rad1 Bf6 21. Bb4 Be7 22. Qh5 g6 23. Qh6 Bg5 24. Qh3 Be7 25. Bxe7 Qxe7 26. Qh6 Nf6 27. Qg5 Nd5 28. Qh6 Nf6 29. Qg5 Nd5 30. Qe5 Nb6 31. Re3 Nd7 32. Qa5 b6 33. Qe1 Rad8 34. Bb1 Nf6 35. Rc1 Qb7 36. f3 Rd4 37. Ne2 Rd6 38. Qc3 Nh5 39. Rd3 Rfd8 40. Rcd1 Rxd3 41. Rxd3 Rxd3 42. Bxd3 Qc7 43. Qd4 Qd7 44. Kf2 e5 45. Qxd7 Bxd7 46. g4 Ng7 47. b4 Kf8 48. Be4 Ne6 49. Ke3 Ke7 50. h4 Kd6 51. Bd5 f5 52. Nc3 Nc7 53. Bg8 h6 54. Bf7 fxg4 55. fxg4 Bxg4 56. Bxg6 Ne6 57. Nb5+ Ke7 58. Nxa7 Nf4 59. Be4 Bh3 60. Nc6+ Kd6 61. Na7 Bg2 62. Nb5+ Ke7 63. a4 h5 64. Nc3 Bxe4 65. Kxe4 Kd6 66. Kf5 Nd3 67. Ne4+ Ke7 68. b5 Nb2 69. Kxe5 Nxc4+ 70. Kd5 Nb2 71. Nc3 Kf6 72. a5 bxa5 73. b6 Nd3 74. b7 Nb4+ 75. Kc5 1-0

[Event "Viareggio op"]
[Site "Viareggio"]
[Date "2001.02.??"]
[Round "?"]
[White "Frilli, Guido"]
[Black "Chilingirova, Pavlina"]
[Result "0-1"]
[WhiteElo "1700"]
[BlackElo "2235"]
[PlyCount "80"]
[EventDate "2001.02.16"]
[EventType "swiss"]
[EventRounds "7"]
[EventCountry "ITA"]
[SourceTitle "EXT 2004"]
[Source "ChessBase"]
[SourceDate "2003.11.25"]
[SourceVersion "1"]
[SourceVersionDate "2003.11.25"]
[SourceQuality "1"]

1. e4 c5 2. Nc3 Nc6 3. g3 g6 4. Bg2 Bg7 5. d3 e6 6. f4 Nge7 7. Nf3 d6 8. Be3 Nd4 9. 0-0 Rb8 10. Qd2 f5 11. Nd1 0-0 12. c3 Nxf3+ 13. Bxf3 b6 14. Nf2 Bb7 15. Rad1 d5 16. exd5 Nxd5 17. Bg2 Re8 18. Rfe1 Nxe3 19. Rxe3 Bxg2 20. Kxg2 Qd5+ 21. Kg1 Qxa2 22. Rde1 Rb7 23. Nh3 h6 24. Nf2 Rbe7 25. R1e2 Qd5 26. Qe1 Qd6 27. Qa1 e5 28. Qa2+ Kh7 29. Qc4 exf4 30. Rxe7 Rxe7 31. Rxe7 Qxe7 32. Qxf4 b5 33. Qd2 Qe5 34. Nd1 h5 35. Kg2 a5 36. Qf2 a4 37. Qe3 b4 38. Qxe5 Bxe5 39. Kf3 a3 40. bxa3 bxa3 0-1

[Event "Lucca op 12th"]
[Site "Lucca"]
[Date "2000.10.14"]
[Round "4"]
[White "Frilli, Guido"]
[Black "Tocchioni, Doriano"]
[Result "0-1"]
[WhiteElo "1600"]
[BlackElo "2199"]
[PlyCount "54"]
[EventDate "2000.10.07"]
[EventType "swiss"]
[EventRounds "6"]
[EventCountry "ITA"]
[SourceTitle "EXT 2002"]
[Source "ChessBase"]
[SourceDate "2001.11.25"]
[SourceVersion "1"]
[SourceVersionDate "2001.11.25"]
[SourceQuality "1"]

1. e4 c6 2. d4 d5 3. Nc3 dxe4 4. Nxe4 Nf6 5. Nxf6+ gxf6 6. Nf3 Bf5 7. Bd3 Nd7 8. Bf4 e6 9. c3 Bg6 10. Qe2 Qa5 11. 0-0 Rg8 12. c4 Qh5 13. Ne1 Qh4 14. Be3 0-0-0 15. Qf3 Bd6 16. g3 Bh5 17. Qe4 Qxe4 18. Bxe4 Be2 19. Bxh7 Rh8 20. Bd3 Bxf1 21. Bxf1 f5 22. Ng2 Nf6 23. Bg5 Be7 24. Rd1 c5 25. Be3 Ng4 26. h4 Nxe3 27. fxe3 cxd4 0-1